00841nam a2200217Ia 4500003000900000008004100009020001900050040001600069080002100085245016500106260003700271300001000308650005200318650004100370700003100411700002900442700003300471942000700504999001500511952009700526IN-BaIIA211028s9999 xx 000 0 eng d a0-82433-0922-7 cIIA Library a047.1:52bARA-22 0aAnnual review of astronomy and astrophysicsbvol. 22cedited by Geoffrey R. Burbidge, David Layzer and John G. Phillips  aCaliforniabAnnual Reviewsc1984 a635p. aAnnual Reviews-Astronomy and Astrophysics98535 aAstronomy and Astrophysics Thesaurus aBurbidge, Geoffrey R., ed. aLayzer, David, ed.94091 aPhillips, John G., ed.95230 cBK c8041d8041 00104070aBANbKAVcGENd1985-01-02l0o047.1:52/ ARA-22p8870r2021-11-05w1985-01-02yBK